[Event "WCO2014"]
[Site "Tromso"]
[Date "2014.08.05"]
[Round "4.17"]
[WhiteID "10100326"]
[White "Pascoal Eduardo A"]
[BlackID "1502611"]
[Black "Lie Espen"]
[Result "1/2-1/2"]
[LiveChessVersion "1.4.3"]
[BlackElo "2435"]
[WhiteElo "2181"]

1. Nf3 {[%clk 1:30:49]} Nf6 {[%clk 1:30:52]} 2. b3 {[%clk 1:28:07]} g6
{[%clk 1:27:51]} 3. g3 {[%clk 1:28:08]} Bg7 {[%clk 1:28:06]} 4. Bb2
{[%clk 1:28:30]} c5 {[%clk 1:27:33]} 5. Bg2 {[%clk 1:27:34]} Nc6 {[%clk 1:27:55]}
6. O-O {[%clk 1:22:58]} O-O {[%clk 1:27:50]} 7. e3 {[%clk 1:20:41]} Re8
{[%clk 1:22:47]} 8. d3 {[%clk 1:04:18]} d5 {[%clk 1:13:45]} 9. Nbd2
{[%clk 1:02:48]} e5 {[%clk 1:08:19]} 10. e4 {[%clk 1:00:06]} d4 {[%clk 1:00:14]}
11. a4 {[%clk 0:53:08]} Qc7 {[%clk 0:52:35]} 12. Nc4 {[%clk 0:52:04]} b6
{[%clk 0:50:58]} 13. Bc1 {[%clk 0:51:10]} Rf8 {[%clk 0:39:46]} 14. Nh4
{[%clk 0:46:15]} Ne8 {[%clk 0:30:12]} 15. f4 {[%clk 0:44:22]} f6 {[%clk 0:30:21]}
16. f5 {[%clk 0:29:45]} g5 {[%clk 0:30:23]} 17. Nf3 {[%clk 0:30:03]} Nd6
{[%clk 0:30:14]} 18. Nfd2 {[%clk 0:23:39]} Bd7 {[%clk 0:29:43]} 19. Nxd6
{[%clk 0:23:54]} Qxd6 {[%clk 0:30:07]} 20. Nc4 {[%clk 0:24:04]} Qc7
{[%clk 0:29:04]} 21. Bd2 {[%clk 0:23:38]} Be8 {[%clk 0:28:21]} 22. Bf3
{[%clk 0:23:57]} Bf7 {[%clk 0:24:07]} 23. Kf2 {[%clk 0:23:44]} a6
{[%clk 0:18:54]} 24. Bh5 {[%clk 0:16:41]} b5 {[%clk 0:17:55]} 25. Bxf7+
{[%clk 0:16:55]} Kxf7 {[%clk 0:18:17]} 26. Qh5+ {[%clk 0:15:14]} Kg8
{[%clk 0:18:46]} 27. Na3 {[%clk 0:15:23]} Rab8 {[%clk 0:12:40]} 28. h4
{[%clk 0:14:48]} h6 {[%clk 0:13:03]} 29. Rh1 {[%clk 0:14:20]} Qf7
{[%clk 0:12:57]} 30. Qxf7+ {[%clk 0:11:44]} Kxf7 {[%clk 0:13:14]} 31. h5
{[%clk 0:06:18]} Rfc8 {[%clk 0:12:51]} 32. g4 {[%clk 0:05:32]} Bf8
{[%clk 0:13:08]} 33. Rhb1 {[%clk 0:05:08]} Be7 {[%clk 0:09:54]} 34. Ke2
{[%clk 0:05:23]} Nb4 {[%clk 0:09:04]} 35. Kd1 {[%clk 0:05:18]} Rb7
{[%clk 0:08:34]} 36. Rb2 {[%clk 0:04:58]} Nc6 {[%clk 0:08:17]} 37. Rba2
{[%clk 0:01:52]} Ke8 {[%clk 0:05:56]} 38. axb5 {[%clk 0:01:35]} axb5
{[%clk 0:06:24]} 39. Be1 {[%clk 0:01:07]} Kd7 {[%clk 0:05:50]} 40. Nb1
{[%clk 0:01:21]} Rcb8 {[%clk 0:04:49]} 41. Nd2 {[%clk 0:01:14]} Bd6
{[%clk 0:03:10]} 42. Ra8 {[%clk 0:01:16]} Kc7 {[%clk 0:30:05]} 43. Rxb8
{[%clk 0:31:56]} Kxb8 {[%clk 0:29:57]} 44. Ra6 {[%clk 0:26:53]} Kc7
{[%clk 0:29:38]} 45. Ra8 {[%clk 0:26:53]} Rb8 {[%clk 0:29:18]} 46. Rxb8
{[%clk 0:27:06]} Kxb8 {[%clk 0:29:33]} 47. Nb1 {[%clk 0:26:16]} Kb7
{[%clk 0:29:45]} 48. Ke2 {[%clk 0:21:03]} Ka6 {[%clk 0:29:31]} 49. Bd2
{[%clk 0:21:16]} Bc7 {[%clk 0:27:42]} 50. Kd1 {[%clk 0:13:08]} Ba5
{[%clk 0:24:29]} 51. Bc1 {[%clk 0:06:30]} Bc3 {[%clk 0:21:16]} 52. Ba3
{[%clk 0:06:38]} Kb6 {[%clk 0:21:07]} 53. Bc1 {[%clk 0:06:29]} Bb4
{[%clk 0:18:36]} 54. Ke2 {[%clk 0:05:44]} Nd8 {[%clk 0:17:41]} 55. Na3
{[%clk 0:05:09]} Nf7 {[%clk 0:17:13]} 56. Bb2 {[%clk 0:04:19]} Bc3
{[%clk 0:11:57]} 57. Bc1 {[%clk 0:04:38]} Nd6 {[%clk 0:11:59]} 58. Nb1
{[%clk 0:04:07]} Kc6 {[%clk 0:12:00]} 59. Na3 {[%clk 0:03:38]} Bb4
{[%clk 0:12:08]} 60. Kd1 {[%clk 0:03:56]} Bc3 {[%clk 0:07:20]} 61. Ke2
{[%clk 0:03:49]} Kb6 {[%clk 0:07:23]} 62. Nb1 {[%clk 0:03:32]} Ka5
{[%clk 0:05:59]} 63. Nd2 {[%clk 0:03:17]} Bb4 {[%clk 0:05:43]} 64. Kd1
{[%clk 0:03:20]} Kb6 {[%clk 0:05:51]} 65. Ke2 {[%clk 0:03:43]} Kc6
{[%clk 0:05:51]} 66. Bb2 {[%clk 0:03:52]} Ba5 {[%clk 0:03:58]} 67. Ba3
{[%clk 0:04:09]} Bc3 {[%clk 0:04:11]} 68. Bc1 {[%clk 0:04:15]} Nf7
{[%clk 0:04:04]} 69. Ba3 {[%clk 0:04:31]} Nd8 {[%clk 0:03:56]} 70. Kd1
{[%clk 0:04:04]} Kb6 {[%clk 0:04:13]} 71. Ke2 {[%clk 0:03:37]} Nc6
{[%clk 0:04:08]} 72. Kd1 {[%clk 0:03:37]} Bb4 {[%clk 0:03:34]} 73. Bc1
{[%clk 0:03:55]} Bc3 {[%clk 0:02:50]} 74. Ba3 {[%clk 0:04:14]} Ba5
{[%clk 0:02:59]} 75. Ke2 {[%clk 0:04:26]} Nb4 {[%clk 0:02:26]} 76. Bxb4
{[%clk 0:04:43]} Bxb4 {[%clk 0:02:50]} 77. Nb1 {[%clk 0:05:03]} Ka5
{[%clk 0:03:01]} 78. Kd1 {[%clk 0:02:16]} Kb6 {[%clk 0:02:59]} 79. Ke2
{[%clk 0:02:21]} Kc6 {[%clk 0:03:22]} 80. Kd1 {[%clk 0:02:31]} c4
{[%clk 0:03:10]} 81. bxc4 {[%clk 0:00:58]} bxc4 {[%clk 0:03:34]} 82. Kc1
{[%clk 0:00:48]} c3 {[%clk 0:00:50]} 1/2-1/2

[Event "WCO2014"]
[Site "Tromso"]
[Date "2014.08.05"]
[Round "4.18"]
[WhiteID "1509276"]
[White "Hauge Lars Oskar"]
[BlackID "10100180"]
[Black "Agnelo Amorim"]
[Result "1/2-1/2"]
[LiveChessVersion "1.4.3"]
[BlackElo "2225"]
[WhiteElo "2346"]

1. d4 {[%clk 1:29:12]} d5 {[%clk 1:29:26]} 2. Bf4 {[%clk 1:29:26]} Nf6
{[%clk 1:28:08]} 3. e3 {[%clk 1:29:35]} e6 {[%clk 1:27:29]} 4. Nd2
{[%clk 1:28:13]} c5 {[%clk 1:26:43]} 5. c3 {[%clk 1:28:38]} Nc6 {[%clk 1:27:07]}
6. Bd3 {[%clk 1:27:46]} Bd6 {[%clk 1:24:21]} 7. Bg3 {[%clk 1:26:00]} e5
{[%clk 1:17:52]} 8. dxc5 {[%clk 1:16:16]} Bxc5 {[%clk 1:17:01]} 9. Bb5
{[%clk 1:15:39]} Qe7 {[%clk 1:13:22]} 10. Ngf3 {[%clk 1:14:29]} Bd6
{[%clk 1:12:13]} 11. c4 {[%clk 1:03:35]} O-O {[%clk 1:07:10]} 12. cxd5
{[%clk 0:56:36]} Nxd5 {[%clk 1:07:04]} 13. O-O {[%clk 0:56:54]} Nb6
{[%clk 0:59:33]} 14. Bxc6 {[%clk 0:52:08]} bxc6 {[%clk 0:59:44]} 15. Qc2
{[%clk 0:52:30]} Ba6 {[%clk 0:55:33]} 16. Rfd1 {[%clk 0:51:18]} Rac8
{[%clk 0:51:37]} 17. Ne4 {[%clk 0:47:15]} Bb8 {[%clk 0:47:51]} 18. Nc5
{[%clk 0:36:07]} Bc4 {[%clk 0:44:34]} 19. b4 {[%clk 0:36:28]} f6 {[%clk 0:41:29]}
20. Nd7 {[%clk 0:32:43]} Nxd7 {[%clk 0:40:53]} 21. Qxc4+ {[%clk 0:33:08]} Kh8
{[%clk 0:41:18]} 22. Rac1 {[%clk 0:27:06]} Rfd8 {[%clk 0:38:01]} 23. Nh4
{[%clk 0:22:47]} g6 {[%clk 0:35:46]} 24. f4 {[%clk 0:20:29]} exf4
{[%clk 0:32:59]} 25. exf4 {[%clk 0:20:50]} Nb6 {[%clk 0:33:10]} 26. Qb3
{[%clk 0:19:42]} Rxd1+ {[%clk 0:31:50]} 27. Rxd1 {[%clk 0:20:05]} Nd5
{[%clk 0:31:41]} 28. Qc2 {[%clk 0:13:32]} Nxb4 {[%clk 0:21:30]} 29. Qc4
{[%clk 0:13:56]} c5 {[%clk 0:16:35]} 30. a3 {[%clk 0:11:43]} Nc6 {[%clk 0:16:15]}
31. Bf2 {[%clk 0:12:07]} Bd6 {[%clk 0:15:04]} 32. Re1 {[%clk 0:12:36]} Qf8
{[%clk 0:15:22]} 33. Nf3 {[%clk 0:11:55]} Nd4 {[%clk 0:12:58]} 34. Nxd4
{[%clk 0:10:10]} cxd4 {[%clk 0:13:18]} 35. Qxd4 {[%clk 0:10:31]} Bc5
{[%clk 0:13:34]} 36. Qd3 {[%clk 0:10:58]} Bxa3 {[%clk 0:11:14]} 37. Bxa7
{[%clk 0:10:55]} 1/2-1/2

[Event "WCO2014"]
[Site "Tromso"]
[Date "2014.08.05"]
[Round "4.19"]
[WhiteID "10100520"]
[White "Simoes Joao"]
[BlackID "1508083"]
[Black "Holm Kristian Stuvik"]
[Result "1/2-1/2"]
[LiveChessVersion "1.4.3"]
[BlackElo "2275"]
[WhiteElo "2245"]

1. d4 {[%clk 1:25:22]} Nf6 {[%clk 1:30:50]} 2. c4 {[%clk 1:25:46]} e6
{[%clk 1:30:56]} 3. Nf3 {[%clk 1:26:14]} d5 {[%clk 1:31:09]} 4. g3
{[%clk 1:26:43]} dxc4 {[%clk 1:31:20]} 5. Bg2 {[%clk 1:27:12]} Bb4+
{[%clk 1:31:40]} 6. Bd2 {[%clk 1:27:11]} c5 {[%clk 1:32:04]} 7. dxc5
{[%clk 1:27:14]} Bxc5 {[%clk 1:32:26]} 8. Qa4+ {[%clk 1:26:52]} Nbd7
{[%clk 1:32:47]} 9. O-O {[%clk 1:27:04]} O-O {[%clk 1:31:45]} 10. Qxc4
{[%clk 1:27:26]} b5 {[%clk 1:31:36]} 11. Qh4 {[%clk 1:25:31]} Bb7
{[%clk 1:31:24]} 12. Nc3 {[%clk 1:24:54]} a6 {[%clk 1:28:57]} 13. Rad1
{[%clk 1:24:08]} Qe7 {[%clk 1:25:42]} 14. Bg5 {[%clk 1:21:26]} Rfd8
{[%clk 1:22:37]} 15. Nd4 {[%clk 1:16:56]} Bxg2 {[%clk 1:20:04]} 16. Kxg2
{[%clk 1:17:24]} Ne5 {[%clk 1:12:31]} 17. Bxf6 {[%clk 1:12:50]} Qxf6
{[%clk 1:11:47]} 18. Qxf6 {[%clk 1:11:51]} gxf6 {[%clk 1:12:16]} 19. e3
{[%clk 1:10:48]} f5 {[%clk 1:10:04]} 20. Nce2 {[%clk 1:09:03]} Rac8
{[%clk 1:08:18]} 21. h3 {[%clk 1:06:16]} Kf8 {[%clk 0:56:17]} 22. b3
{[%clk 1:02:28]} Ba3 {[%clk 0:49:27]} 23. f4 {[%clk 1:02:17]} Nc6
{[%clk 0:48:59]} 24. Nxc6 {[%clk 1:00:29]} Rxd1 {[%clk 0:49:20]} 25. Rxd1
{[%clk 1:00:59]} Rxc6 {[%clk 0:49:42]} 26. Rd8+ {[%clk 1:01:15]} Kg7
{[%clk 0:47:03]} 27. Ra8 {[%clk 0:59:50]} Rc2 {[%clk 0:46:36]} 28. Kf3
{[%clk 1:00:19]} Rxa2 {[%clk 0:46:10]} 29. Rxa6 {[%clk 1:00:40]} b4
{[%clk 0:46:29]} 30. Nd4 {[%clk 1:00:07]} Rh2 {[%clk 0:41:00]} 31. Ra7
{[%clk 1:00:21]} Kf6 {[%clk 0:39:22]} 32. Nc6 {[%clk 1:00:29]} Rb2
{[%clk 0:36:21]} 33. Nd4 {[%clk 0:59:52]} Rb1 {[%clk 0:36:20]} 34. Rb7
{[%clk 1:00:03]} Rf1+ {[%clk 0:35:48]} 35. Ke2 {[%clk 0:59:44]} Rb1
{[%clk 0:34:42]} 36. g4 {[%clk 0:57:26]} fxg4 {[%clk 0:34:27]} 37. hxg4
{[%clk 0:57:55]} Kg6 {[%clk 0:30:57]} 38. g5 {[%clk 0:56:45]} Bb2
{[%clk 0:22:47]} 39. Rxb4 {[%clk 0:56:19]} Bxd4 {[%clk 0:23:14]} 40. exd4
{[%clk 0:55:55]} Kf5 {[%clk 0:23:43]} 41. Rb7 {[%clk 0:45:44]} Kxf4
{[%clk 0:23:59]} 42. Rxf7+ {[%clk 0:46:12]} Kxg5 {[%clk 0:24:19]} 43. Rxh7
{[%clk 0:46:35]} Rxb3 {[%clk 0:24:45]} 44. Rf7 {[%clk 0:46:43]} Kg6
{[%clk 0:25:03]} 45. Rf1 {[%clk 0:47:02]} Ra3 {[%clk 0:24:55]} 1/2-1/2

[Event "WCO2014"]
[Site "Tromso"]
[Date "2014.08.05"]
[Round "4.20"]
[WhiteID "1512110"]
[White "Mihajlov Sebastian"]
[BlackID "10100911"]
[Black "Aguiar Cristiano"]
[Result "1-0"]
[LiveChessVersion "1.4.3"]
[BlackElo "1993"]
[WhiteElo "2305"]

1. d4 {[%clk 1:30:58]} e6 {[%clk 1:30:03]} 2. Nf3 {[%clk 1:30:50]} Nf6
{[%clk 1:28:11]} 3. c4 {[%clk 1:31:12]} d5 {[%clk 1:28:29]} 4. Nc3
{[%clk 1:31:19]} Be7 {[%clk 1:28:52]} 5. Bg5 {[%clk 1:29:49]} Nbd7
{[%clk 1:27:35]} 6. e3 {[%clk 1:28:09]} c6 {[%clk 1:24:59]} 7. Bd3
{[%clk 1:24:52]} dxc4 {[%clk 1:21:39]} 8. Bxc4 {[%clk 1:25:14]} b5
{[%clk 1:22:03]} 9. Bd3 {[%clk 1:25:30]} a6 {[%clk 1:21:39]} 10. O-O
{[%clk 1:23:17]} Bb7 {[%clk 1:21:25]} 11. e4 {[%clk 1:19:31]} c5 {[%clk 1:21:42]}
12. e5 {[%clk 1:19:30]} cxd4 {[%clk 1:05:47]} 13. Nxb5 {[%clk 1:17:35]} Bxf3
{[%clk 1:06:00]} 14. Qxf3 {[%clk 1:17:52]} Nxe5 {[%clk 1:06:21]} 15. Qxa8
{[%clk 1:18:12]} Qxa8 {[%clk 0:57:45]} 16. Nc7+ {[%clk 1:18:39]} Kd7
{[%clk 0:58:04]} 17. Nxa8 {[%clk 1:19:04]} Nxd3 {[%clk 0:58:09]} 18. Nb6+
{[%clk 1:19:29]} Kc6 {[%clk 0:58:18]} 19. Nc4 {[%clk 1:19:54]} Bc5
{[%clk 0:26:56]} 20. Rad1 {[%clk 1:16:19]} Kd5 {[%clk 0:20:42]} 21. b3
{[%clk 0:57:07]} Nb4 {[%clk 0:16:10]} 22. a3 {[%clk 0:55:05]} Nc6
{[%clk 0:10:45]} 23. Ne3+ {[%clk 0:49:56]} Kd6 {[%clk 0:07:35]} 24. f3
{[%clk 0:48:12]} Nd5 {[%clk 0:01:36]} 25. Nc4+ {[%clk 0:45:24]} Kd7
{[%clk 0:02:06]} 26. b4 {[%clk 0:45:34]} Ba7 {[%clk 0:02:33]} 27. Kh1
{[%clk 0:43:58]} f6 {[%clk 0:01:51]} 28. Bd2 {[%clk 0:43:00]} Rc8
{[%clk 0:02:02]} 29. Rc1 {[%clk 0:42:06]} e5 {[%clk 0:01:17]} 30. Rfe1
{[%clk 0:41:26]} Nce7 {[%clk 0:01:19]} 31. a4 {[%clk 0:41:25]} Rb8
{[%clk 0:01:37]} 32. Rb1 {[%clk 0:40:52]} Nc3 {[%clk 0:01:48]} 33. Bxc3
{[%clk 0:39:29]} dxc3 {[%clk 0:02:17]} 34. Rec1 {[%clk 0:35:52]} Nd5
{[%clk 0:02:35]} 35. b5 {[%clk 0:36:01]} axb5 {[%clk 0:02:35]} 36. axb5
{[%clk 0:35:50]} Bd4 {[%clk 0:02:57]} 37. b6 {[%clk 0:34:12]} Kc6
{[%clk 0:02:24]} 38. Na5+ {[%clk 0:33:49]} Kc5 {[%clk 0:02:41]} 39. b7
{[%clk 0:32:54]} Ne7 {[%clk 0:01:28]} 40. Rb3 {[%clk 0:32:49]} Kd6
{[%clk 0:00:51]} 41. Rcxc3 {[%clk 0:23:04]} Bxc3 {[%clk 0:01:16]} 42. Rxc3
{[%clk 0:23:28]} Kd7 {[%clk 0:01:41]} 43. Kg1 {[%clk 0:23:22]} Nf5
{[%clk 0:01:46]} 44. Nb3 {[%clk 0:21:30]} Nd6 {[%clk 0:01:55]} 45. Nc5+
{[%clk 0:21:53]} Ke7 {[%clk 0:01:33]} 46. Kf2 {[%clk 0:19:07]} Nxb7
{[%clk 0:01:06]} 47. Rb3 {[%clk 0:14:00]} Nxc5 {[%clk 0:29:40]} 48. Rxb8
{[%clk 0:45:21]} f5 {[%clk 0:30:04]} 49. g4 {[%clk 0:44:12]} Ne6 {[%clk 0:26:55]}
50. gxf5 {[%clk 0:41:55]} Nd4 {[%clk 0:27:00]} 51. Ke3 {[%clk 0:42:14]} Nxf5+
{[%clk 0:26:39]} 52. Ke4 {[%clk 0:42:39]} Ke6 {[%clk 0:26:25]} 53. Re8+
{[%clk 0:42:26]} Ne7 {[%clk 0:26:36]} 54. h4 {[%clk 0:41:55]} h5 {[%clk 0:13:12]}
55. Ra8 {[%clk 0:38:29]} Ng6 {[%clk 0:07:28]} 56. Ra5 {[%clk 0:20:04]} Kf6
{[%clk 0:07:36]} 57. f4 {[%clk 0:14:33]} Nxf4 {[%clk 0:01:56]} 58. Rxe5
{[%clk 0:14:46]} Ne2 {[%clk 0:00:37]} 59. Rf5+ {[%clk 0:14:51]} Ke6 60. Rf3
{[%clk 0:14:53]} Nc1 {[%clk 0:00:36]} 61. Kd4 {[%clk 0:14:46]} Kd6
{[%clk 0:00:37]} 62. Re3 {[%clk 0:14:20]} g6 {[%clk 0:00:49]} 63. Kc4
{[%clk 0:14:25]} 1-0

[Event "WCO2014"]
[Site "Tromso"]
[Date "2014.08.05"]
[Round "4.40"]
[WhiteID "6201610"]
[White "Kulpruethanon Thanadon"]
[BlackID "7601875"]
[Black "Iyti Basher"]
[Result "1/2-1/2"]
[LiveChessVersion "1.4.3"]
[BlackElo "2263"]
[WhiteElo "2143"]

1. Nf3 {[%clk 1:30:57]} g6 {[%clk 1:30:31]} 2. e4 {[%clk 1:31:21]} c6
{[%clk 1:30:12]} 3. d4 {[%clk 1:30:17]} d5 {[%clk 1:30:13]} 4. Nc3
{[%clk 1:30:04]} dxe4 {[%clk 1:29:42]} 5. Nxe4 {[%clk 1:29:53]} Bg7
{[%clk 1:28:16]} 6. Be3 {[%clk 1:27:23]} Nh6 {[%clk 1:27:13]} 7. c3
{[%clk 1:24:39]} O-O {[%clk 1:26:28]} 8. Qd2 {[%clk 1:23:49]} Nf5
{[%clk 1:26:31]} 9. Bf4 {[%clk 1:23:17]} Nd6 {[%clk 1:19:23]} 10. Bd3
{[%clk 1:22:15]} Nxe4 {[%clk 1:18:59]} 11. Bxe4 {[%clk 1:22:31]} Nd7
{[%clk 1:19:00]} 12. O-O {[%clk 1:19:31]} c5 {[%clk 1:18:11]} 13. Bh6
{[%clk 1:15:46]} cxd4 {[%clk 1:17:36]} 14. Bxg7 {[%clk 1:13:36]} Kxg7
{[%clk 1:17:58]} 15. Qxd4+ {[%clk 1:12:16]} Nf6 {[%clk 1:17:56]} 16. Qe5
{[%clk 1:12:19]} Qb6 {[%clk 1:13:29]} 17. Nd4 {[%clk 1:07:20]} Kg8
{[%clk 1:08:36]} 18. Bf3 {[%clk 1:05:17]} Re8 {[%clk 1:04:43]} 19. b4
{[%clk 1:00:03]} Bd7 {[%clk 1:02:47]} 20. a4 {[%clk 0:59:28]} Rac8
{[%clk 1:02:17]} 21. Ra3 {[%clk 0:53:02]} a6 {[%clk 0:59:26]} 22. Rb1
{[%clk 0:49:57]} Qc7 {[%clk 0:56:24]} 23. Qxc7 {[%clk 0:48:32]} Rxc7
{[%clk 0:52:58]} 24. b5 {[%clk 0:48:11]} e5 {[%clk 0:51:30]} 25. b6
{[%clk 0:36:46]} Rc4 {[%clk 0:51:32]} 26. Nb3 {[%clk 0:13:07]} Rxc3
{[%clk 0:41:06]} 27. Bxb7 {[%clk 0:13:32]} Rb8 {[%clk 0:41:33]} 28. Bxa6
{[%clk 0:13:14]} Rxb6 {[%clk 0:41:57]} 29. Bf1 {[%clk 0:10:53]} Bxa4
{[%clk 0:40:19]} 30. Rxa4 {[%clk 0:11:10]} Rcxb3 {[%clk 0:39:43]} 31. Rxb3
{[%clk 0:10:18]} Rxb3 {[%clk 0:40:07]} 32. Ra5 {[%clk 0:09:22]} e4
{[%clk 0:38:42]} 33. Re5 {[%clk 0:07:21]} Kf8 {[%clk 0:37:44]} 34. h3
{[%clk 0:06:03]} Rb4 {[%clk 0:36:47]} 35. Bb5 {[%clk 0:05:17]} Rb1+
{[%clk 0:36:05]} 36. Kh2 {[%clk 0:05:30]} Rb2 {[%clk 0:36:15]} 37. Kg1
{[%clk 0:04:23]} Rc2 {[%clk 0:35:32]} 38. g4 {[%clk 0:03:56]} h6 {[%clk 0:35:43]}
39. Bf1 {[%clk 0:02:03]} Rc1 {[%clk 0:35:01]} 40. Kg2 {[%clk 0:02:24]} Rd1
{[%clk 0:30:18]} 41. Bc4 {[%clk 0:19:58]} g5 {[%clk 1:00:38]} 42. Rf5
{[%clk 0:14:27]} Ke7 {[%clk 1:00:41]} 43. Re5+ {[%clk 0:14:20]} Kf8
{[%clk 1:00:57]} 44. Rf5 {[%clk 0:14:48]} Kg7 {[%clk 0:57:10]} 45. Re5
{[%clk 0:13:45]} Rc1 {[%clk 0:55:19]} 46. Bb3 {[%clk 0:11:59]} Rc7
{[%clk 0:54:13]} 47. Ba2 {[%clk 0:07:41]} Rb7 {[%clk 0:51:37]} 48. Bc4
{[%clk 0:07:46]} Kg6 {[%clk 0:51:16]} 49. Bd5 {[%clk 0:06:45]} Rb4
{[%clk 0:50:57]} 50. Bc6 {[%clk 0:05:54]} Rc4 {[%clk 0:45:09]} 51. Bd5
{[%clk 0:06:02]} Rd4 {[%clk 0:45:32]} 52. Bc6 {[%clk 0:06:24]} h5
{[%clk 0:45:51]} 53. h4 {[%clk 0:01:35]} Nxg4 {[%clk 0:40:33]} 54. Rxg5+
{[%clk 0:00:36]} Kh6 {[%clk 0:40:01]} 55. Rf5 {[%clk 0:00:34]} e3
{[%clk 0:36:47]} 56. Rxf7 {[%clk 0:00:33]} Rd2 {[%clk 0:15:51]} 57. Be4
{[%clk 0:00:42]} Rxf2+ {[%clk 0:15:21]} 58. Rxf2 {[%clk 0:01:11]} Nxf2
{[%clk 0:15:31]} 59. Bf5 {[%clk 0:00:35]} Nh1 {[%clk 0:11:32]} 60. Bd3
{[%clk 0:01:00]} Nf2 {[%clk 0:11:46]} 61. Bf5 {[%clk 0:01:29]} Kg7
{[%clk 0:07:12]} 62. Kf3 {[%clk 0:01:38]} Kf6 {[%clk 0:04:47]} 63. Kxe3
{[%clk 0:01:45]} Ke5 {[%clk 0:03:32]} 1/2-1/2

[Event "WCO2014"]
[Site "Tromso"]
[Date "2014.08.05"]
[Round "4.39"]
[WhiteID "7601735"]
[White "Omrani Hasan"]
[BlackID "6200516"]
[Black "Pornariyasombat Atippat"]
[Result "1-0"]
[LiveChessVersion "1.4.3"]
[BlackElo "2169"]
[WhiteElo "2085"]

1. d4 {[%clk 1:30:45]} g6 {[%clk 1:30:49]} 2. Nf3 {[%clk 1:29:20]} Bg7
{[%clk 1:31:07]} 3. c3 {[%clk 1:29:01]} c5 {[%clk 1:26:42]} 4. dxc5
{[%clk 1:26:16]} Na6 {[%clk 1:26:55]} 5. e3 {[%clk 1:21:25]} Nxc5
{[%clk 1:25:49]} 6. Bc4 {[%clk 1:20:25]} Nf6 {[%clk 1:25:50]} 7. O-O
{[%clk 1:15:56]} O-O {[%clk 1:25:51]} 8. Re1 {[%clk 1:11:39]} Qc7
{[%clk 1:17:07]} 9. Nbd2 {[%clk 1:08:57]} d5 {[%clk 1:17:09]} 10. Be2
{[%clk 1:08:53]} Rd8 {[%clk 1:10:12]} 11. Nb3 {[%clk 1:04:12]} Nce4
{[%clk 1:09:11]} 12. Qc2 {[%clk 1:00:08]} Ng4 {[%clk 1:06:41]} 13. Rf1
{[%clk 1:00:14]} Bf5 {[%clk 1:06:44]} 14. Qd1 {[%clk 0:57:55]} Ng5
{[%clk 1:03:16]} 15. g3 {[%clk 0:58:01]} Nxf3+ {[%clk 0:59:32]} 16. Bxf3
{[%clk 0:57:16]} h5 {[%clk 0:56:55]} 17. Nd4 {[%clk 0:55:56]} Bc8
{[%clk 0:57:06]} 18. Qe2 {[%clk 0:51:28]} e5 {[%clk 0:55:46]} 19. Nb5
{[%clk 0:51:16]} Qb6 {[%clk 0:55:37]} 20. e4 {[%clk 0:49:25]} a6 {[%clk 0:52:07]}
21. Na3 {[%clk 0:48:45]} d4 {[%clk 0:49:14]} 22. Nc4 {[%clk 0:47:53]} Qc7
{[%clk 0:49:00]} 23. cxd4 {[%clk 0:47:52]} Rxd4 {[%clk 0:47:42]} 24. Ne3
{[%clk 0:45:39]} Be6 {[%clk 0:42:09]} 25. b3 {[%clk 0:43:54]} Rad8
{[%clk 0:42:08]} 26. Nxg4 {[%clk 0:42:33]} hxg4 {[%clk 0:42:24]} 27. Bxg4
{[%clk 0:41:59]} Bxg4 {[%clk 0:39:24]} 28. Qxg4 {[%clk 0:42:18]} Qc2
{[%clk 0:39:45]} 29. Re1 {[%clk 0:32:34]} Rd1 {[%clk 0:38:44]} 30. Bg5
{[%clk 0:31:51]} Rxa1 {[%clk 0:35:07]} 31. Rxa1 {[%clk 0:32:11]} Rd4
{[%clk 0:35:24]} 32. Rc1 {[%clk 0:31:47]} f5 {[%clk 0:32:40]} 33. Rxc2
{[%clk 0:28:54]} fxg4 {[%clk 0:33:04]} 34. Rc8+ {[%clk 0:29:07]} Kf7
{[%clk 0:33:18]} 35. Rc7+ {[%clk 0:29:25]} Kg8 {[%clk 0:33:39]} 36. Rxb7
{[%clk 0:29:36]} Rxe4 {[%clk 0:33:55]} 37. Be3 {[%clk 0:29:12]} 1-0

[Event "WCO2014"]
[Site "Tromso"]
[Date "2014.08.05"]
[Round "4.38"]
[WhiteID "6201083"]
[White "Wiwatanadate Poompong"]
[BlackID "7600909"]
[Black "Akhras Khaled"]
[Result "1/2-1/2"]
[LiveChessVersion "1.4.3"]
[BlackElo "2246"]
[WhiteElo "2106"]

1. d4 {[%clk 1:30:56]} Nf6 {[%clk 1:30:42]} 2. c4 {[%clk 1:31:17]} e6
{[%clk 1:30:28]} 3. Nc3 {[%clk 1:31:06]} d5 {[%clk 1:30:09]} 4. cxd5
{[%clk 1:31:24]} exd5 {[%clk 1:28:08]} 5. Bg5 {[%clk 1:31:34]} Be7
{[%clk 1:25:41]} 6. e3 {[%clk 1:31:36]} Nbd7 {[%clk 1:24:37]} 7. Bd3
{[%clk 1:29:47]} a6 {[%clk 1:17:05]} 8. Nf3 {[%clk 1:25:19]} h6 {[%clk 1:14:12]}
9. Bh4 {[%clk 1:24:43]} c6 {[%clk 1:11:39]} 10. O-O {[%clk 1:18:36]} O-O
{[%clk 1:11:44]} 11. a4 {[%clk 1:12:01]} Re8 {[%clk 1:08:45]} 12. Qb1
{[%clk 1:05:30]} a5 {[%clk 1:00:55]} 13. Bg3 {[%clk 1:01:17]} Bb4
{[%clk 0:54:43]} 14. Na2 {[%clk 0:47:42]} Bf8 {[%clk 0:54:58]} 15. Nc1
{[%clk 0:47:45]} Ne4 {[%clk 0:39:11]} 16. Bxe4 {[%clk 0:40:04]} dxe4
{[%clk 0:39:24]} 17. Nd2 {[%clk 0:40:21]} Nb6 {[%clk 0:30:14]} 18. Ne2
{[%clk 0:35:44]} Qe7 {[%clk 0:19:13]} 19. Nc3 {[%clk 0:33:39]} f5
{[%clk 0:16:28]} 20. f3 {[%clk 0:24:34]} exf3 {[%clk 0:15:50]} 21. Rxf3
{[%clk 0:22:57]} Be6 {[%clk 0:16:15]} 22. e4 {[%clk 0:21:36]} Qg5
{[%clk 0:06:03]} 23. Qd3 {[%clk 0:15:09]} fxe4 {[%clk 0:05:13]} 24. Ndxe4
{[%clk 0:13:40]} Qh5 {[%clk 0:05:19]} 25. Be5 {[%clk 0:09:53]} Nc4
{[%clk 0:05:21]} 26. Nf6+ {[%clk 0:07:40]} gxf6 {[%clk 0:05:37]} 27. Rg3+
{[%clk 0:08:00]} Bg7 {[%clk 0:00:40]} 28. Bxf6 {[%clk 0:08:19]} Re7
{[%clk 0:00:56]} 29. Bxe7 {[%clk 0:08:12]} Qf7 {[%clk 0:00:59]} 30. Ba3
{[%clk 0:05:19]} Bf5 {[%clk 0:00:45]} 31. Qf3 {[%clk 0:04:38]} Nxa3
{[%clk 0:01:08]} 32. bxa3 {[%clk 0:03:36]} Rf8 {[%clk 0:01:30]} 33. Rf1
{[%clk 0:02:53]} Kh8 {[%clk 0:01:07]} 34. Qf4 {[%clk 0:02:15]} Qc4
{[%clk 0:00:43]} 35. d5 {[%clk 0:01:22]} Qc5+ {[%clk 0:00:46]} 36. Kh1
{[%clk 0:00:49]} Bd3 {[%clk 0:00:56]} 37. Qxf8+ {[%clk 0:00:56]} Bxf8
{[%clk 0:01:24]} 38. Rxd3 {[%clk 0:01:21]} cxd5 {[%clk 0:00:52]} 39. Nxd5
{[%clk 0:01:33]} Bg7 {[%clk 0:00:51]} 40. Nf4 {[%clk 0:00:42]} Qc4
{[%clk 0:00:57]} 41. Rdf3 {[%clk 0:28:36]} Bb2 {[%clk 0:20:17]} 42. Ng6+
{[%clk 0:20:54]} Kg7 {[%clk 0:18:14]} 43. Rf4 {[%clk 0:14:34]} Qc8
{[%clk 0:06:47]} 44. Rf8 {[%clk 0:11:54]} Qc4 {[%clk 0:05:15]} 45. R8f4
{[%clk 0:09:56]} Qc8 {[%clk 0:05:09]} 46. Rf8 {[%clk 0:09:34]} Qc4
{[%clk 0:04:21]} 47. Nh8 {[%clk 0:09:21]} 1/2-1/2